|
|
|
|
| LEADER |
01405nam a2200337 4500 |
| 001 |
32578 |
| 003 |
BD-DhAAL |
| 005 |
20180110154327.0 |
| 008 |
180110t1970 azub b 001 0 eng |
| 999 |
|
|
|c 38974
|d 38974
|
| 010 |
|
|
|a 76092469
|
| 020 |
|
|
|a 0816501548
|
| 040 |
|
|
|a DLC
|c DLC
|d DLC
|d BD-DhAAL
|
| 043 |
|
|
|a a-ii---
|
| 050 |
0 |
0 |
|a HD879.B4
|b M64
|
| 082 |
0 |
0 |
|a 333.160934
|
| 100 |
1 |
|
|a Morrison, Barrie M.
|9 24704
|
| 245 |
1 |
0 |
|a Political centers and cultural regions in early Bengal /
|c by Barrie M. Morrison.
|
| 260 |
|
|
|a Tucson :
|b Published for the Association for Asian Studies, by the University of Arizona Press,
|c c1970
|
| 300 |
|
|
|a xii, 189 pages :
|b illustrations, maps ;
|c 24 cm.
|
| 410 |
2 |
0 |
|a Association for Asian Studies.
|t Monographs and papers,
|v no. 25
|
| 500 |
|
|
|a Includes index.
|
| 504 |
|
|
|a Includes bibliographical references (pages 171-181).
|
| 526 |
|
|
|a AAL
|
| 541 |
|
|
|a Development Book Agency
|e 32578
|
| 650 |
|
0 |
|a Land grants
|z India
|z Bengal
|x History
|x Sources.
|9 24705
|
| 650 |
|
0 |
|a Inscriptions
|z Bengal.
|9 24706
|
| 651 |
|
0 |
|a Bengal (India)
|x Politics and government
|x Sources.
|9 24707
|
| 852 |
|
|
|a Ayesha Abed Library
|c General Stacks
|
| 942 |
|
|
|2 ddc
|c BK
|
| 952 |
|
|
|0 0
|1 0
|2 ddc
|4 0
|6 333_160934000000000_MOR
|7 0
|9 62575
|a BRACUL
|b BRACUL
|c GEN
|d 2018-01-10
|e Development Book Agency
|g 8900.00
|l 1
|m 2
|o 333.160934 MOR
|p 3010032578
|r 2025-12-15
|s 2024-11-27
|t 1
|v 8900.00
|w 2018-01-10
|y BK
|